[Event "1SM"]
[Site "Sharjah Chess Club"]
[Date "2017.03.30"]
[Round "8.28"]
[White "Nihal, Sarin"]
[Black "Kuybokarov, Temur"]
[Result "1/2-1/2"]
[BlackElo "2491"]
[WhiteElo "2386"]
[LiveChessVersion "1.4.8"]

1. d4 {[%clk 1:40:50]} d5 {[%clk 1:40:58]} 2. c4 {[%clk 1:41:15]} c6
{[%clk 1:41:13]} 3. cxd5 {[%clk 1:41:20]} cxd5 {[%clk 1:41:35]} 4. Bg5
{[%clk 1:41:45]} h6 {[%clk 1:40:47]} 5. Bh4 {[%clk 1:42:10]} Qb6 {[%clk 1:39:47]}
6. Nc3 {[%clk 1:42:24]} e6 {[%clk 1:40:05]} 7. Qd2 {[%clk 1:42:31]} Ne7
{[%clk 1:40:11]} 8. f3 {[%clk 1:41:57]} Nbc6 {[%clk 1:38:09]} 9. e3
{[%clk 1:40:53]} Bd7 {[%clk 1:31:47]} 10. Bd3 {[%clk 1:21:54]} Nc8
{[%clk 1:31:22]} 11. Nge2 {[%clk 1:17:24]} Nd6 {[%clk 1:31:38]} 12. O-O
{[%clk 0:51:40]} Be7 {[%clk 1:31:55]} 13. Bxe7 {[%clk 0:48:50]} Nxe7
{[%clk 1:32:15]} 14. Kh1 {[%clk 0:48:05]} O-O {[%clk 1:30:43]} 15. b3
{[%clk 0:39:42]} a5 {[%clk 1:22:13]} 16. e4 {[%clk 0:32:46]} Rfc8
{[%clk 1:16:04]} 17. e5 {[%clk 0:21:25]} Nb5 {[%clk 1:07:12]} 18. Na4
{[%clk 0:21:36]} Qa7 {[%clk 1:03:19]} 19. Rad1 {[%clk 0:14:47]} Na3
{[%clk 0:57:14]} 20. Nac3 {[%clk 0:08:38]} b5 {[%clk 0:48:35]} 21. Ng3
{[%clk 0:08:32]} b4 {[%clk 0:47:50]} 22. Nce2 {[%clk 0:08:44]} Bb5
{[%clk 0:46:18]} 23. Bxb5 {[%clk 0:08:19]} Nxb5 {[%clk 0:46:38]} 24. f4
{[%clk 0:08:37]} Nc3 {[%clk 0:42:59]} 25. Rc1 {[%clk 0:08:11]} Nxe2
{[%clk 0:42:14]} 26. Nxe2 {[%clk 0:08:36]} Qa6 {[%clk 0:40:43]} 27. g4
{[%clk 0:07:50]} Rxc1 {[%clk 0:37:43]} 28. Rxc1 {[%clk 0:08:15]} Rc8
{[%clk 0:37:14]} 29. Kg2 {[%clk 0:07:05]} Rxc1 {[%clk 0:36:28]} 30. Nxc1
{[%clk 0:07:33]} Nc6 {[%clk 0:36:12]} 31. Ne2 {[%clk 0:06:49]} a4
{[%clk 0:35:33]} 32. Qc2 {[%clk 0:06:18]} axb3 {[%clk 0:30:55]} 33. axb3
{[%clk 0:06:46]} Qb6 {[%clk 0:29:50]} 34. Qd3 {[%clk 0:06:35]} Qa7
{[%clk 0:28:37]} 35. f5 {[%clk 0:04:52]} Qa2 {[%clk 0:28:04]} 36. Kf2
{[%clk 0:03:20]} Qb2 {[%clk 0:26:23]} 37. h4 {[%clk 0:03:05]} Kf8
{[%clk 0:21:47]} 38. Qa6 {[%clk 0:02:25]} Qc2 {[%clk 0:19:19]} 39. Qc8+
{[%clk 0:02:48]} Ke7 {[%clk 0:19:41]} 40. Qc7+ {[%clk 0:03:07]} Kf8
{[%clk 0:19:01]} 41. Qc8+ {[%clk 0:03:31]} Ke7 {[%clk 0:19:25]} 42. f6+
{[%clk 0:03:04]} gxf6 {[%clk 0:19:46]} 43. Qc7+ {[%clk 0:03:29]} Kf8
{[%clk 0:19:53]} 44. exf6 {[%clk 0:03:52]} Kg8 {[%clk 0:19:56]} 45. Qc8+
{[%clk 0:04:13]} Kh7 {[%clk 0:20:21]} 46. Qe8 {[%clk 0:04:40]} Qg6
{[%clk 0:19:31]} 47. Qxc6 {[%clk 0:04:21]} Qxg4 {[%clk 0:19:49]} 48. Qc2+
{[%clk 0:03:26]} Kh8 {[%clk 0:20:02]} 49. Qc8+ {[%clk 0:02:43]} Kh7
{[%clk 0:20:29]} 50. Qc2+ {[%clk 0:03:08]} Kh8 {[%clk 0:20:52]} 51. Qd3
{[%clk 0:01:05]} Qxh4+ {[%clk 0:21:11]} 52. Qg3 {[%clk 0:01:31]} Qxf6+
{[%clk 0:21:30]} 53. Qf4 {[%clk 0:01:57]} Qg6 {[%clk 0:19:41]} 54. Qb8+
{[%clk 0:02:07]} Kg7 {[%clk 0:19:07]} 55. Qxb4 {[%clk 0:02:00]} Qf5+
{[%clk 0:18:44]} 56. Ke3 {[%clk 0:01:49]} h5 {[%clk 0:16:36]} 57. Qd6
{[%clk 0:01:00]} Qc2 {[%clk 0:16:52]} 58. Qe5+ {[%clk 0:00:43]} Kf8
{[%clk 0:17:04]} 59. Qxh5 {[%clk 0:00:46]} Qxb3+ {[%clk 0:17:26]} 60. Kf2
{[%clk 0:00:52]} Qd3 {[%clk 0:17:17]} 61. Qe5 {[%clk 0:00:59]} Ke7
{[%clk 0:16:34]} 62. Nf4 {[%clk 0:00:55]} Qe4 {[%clk 0:15:16]} 63. Qxe4
{[%clk 0:00:54]} dxe4 {[%clk 0:15:45]} 64. Ke3 {[%clk 0:01:23]} Kd6
{[%clk 0:15:54]} 65. Kxe4 {[%clk 0:01:38]} f5+ {[%clk 0:16:23]} 66. Ke3
{[%clk 0:02:00]} e5 {[%clk 0:16:43]} 67. Ke4 1/2-1/2

[Event "1SM"]
[Site "Sharjah Chess Club"]
[Date "2017.03.30"]
[Round "8.29"]
[White "Lalith, Babu M R"]
[Black "Gomes, Mary Ann"]
[Result "0-1"]
[BlackElo "2316"]
[WhiteElo "2593"]
[LiveChessVersion "1.4.8"]

1. Nf3 {[%clk 1:40:56]} Nf6 {[%clk 1:40:34]} 2. c4 {[%clk 1:41:21]} e6
{[%clk 1:40:59]} 3. g3 {[%clk 1:41:19]} b6 {[%clk 1:41:23]} 4. Bg2
{[%clk 1:41:44]} Bb7 {[%clk 1:41:49]} 5. O-O {[%clk 1:42:02]} c5 {[%clk 1:40:51]}
6. Nc3 {[%clk 1:42:24]} Be7 {[%clk 1:40:39]} 7. Re1 {[%clk 1:42:49]} d6
{[%clk 1:40:02]} 8. e4 {[%clk 1:43:00]} a6 {[%clk 1:34:57]} 9. d4
{[%clk 1:42:41]} cxd4 {[%clk 1:35:12]} 10. Nxd4 {[%clk 1:43:05]} Qc7
{[%clk 1:33:33]} 11. Be3 {[%clk 1:39:56]} O-O {[%clk 1:33:44]} 12. Rc1
{[%clk 1:39:05]} Nbd7 {[%clk 1:33:39]} 13. f4 {[%clk 1:36:59]} Rac8
{[%clk 1:28:25]} 14. g4 {[%clk 1:20:36]} Nc5 {[%clk 1:20:36]} 15. Bf2
{[%clk 1:19:24]} Rfd8 {[%clk 1:09:53]} 16. g5 {[%clk 1:07:36]} Ne8
{[%clk 1:07:22]} 17. Be3 {[%clk 0:52:49]} Bf8 {[%clk 0:53:34]} 18. f5
{[%clk 0:49:40]} e5 {[%clk 0:50:09]} 19. Nc2 {[%clk 0:46:39]} Qb8
{[%clk 0:47:26]} 20. b4 {[%clk 0:32:56]} Nd7 {[%clk 0:47:43]} 21. Qd3
{[%clk 0:33:22]} b5 {[%clk 0:46:20]} 22. cxb5 {[%clk 0:33:32]} axb5
{[%clk 0:46:44]} 23. g6 {[%clk 0:33:49]} Nef6 {[%clk 0:41:48]} 24. gxf7+
{[%clk 0:33:11]} Kh8 {[%clk 0:41:26]} 25. Bf2 {[%clk 0:19:18]} Ng4
{[%clk 0:34:07]} 26. Bh4 {[%clk 0:19:35]} Ndf6 {[%clk 0:33:02]} 27. Kh1
{[%clk 0:16:14]} d5 {[%clk 0:32:51]} 28. Nxd5 {[%clk 0:14:23]} Bxd5
{[%clk 0:29:34]} 29. exd5 {[%clk 0:14:29]} e4 {[%clk 0:29:54]} 30. Qh3
{[%clk 0:14:29]} Rxd5 {[%clk 0:27:10]} 31. Bg3 {[%clk 0:11:55]} Qb7
{[%clk 0:23:29]} 32. Rxe4 {[%clk 0:07:20]} Nxe4 {[%clk 0:20:28]} 33. Qxg4
{[%clk 0:06:41]} Nf6 {[%clk 0:20:23]} 34. Qe2 {[%clk 0:05:01]} Qxf7
{[%clk 0:19:17]} 35. Bxd5 {[%clk 0:05:24]} Qxd5+ {[%clk 0:19:42]} 36. Kg1
{[%clk 0:05:48]} Bxb4 {[%clk 0:15:09]} 37. Rd1 {[%clk 0:04:50]} Bc5+
{[%clk 0:14:36]} 38. Bf2 {[%clk 0:02:39]} Bxf2+ {[%clk 0:14:58]} 0-1

[Event "1SM"]
[Site "Sharjah Chess Club"]
[Date "2017.03.30"]
[Round "8.30"]
[White "Karthikeyan, P."]
[Black "Bolourchifard, Farzad"]
[Result "1-0"]
[BlackElo "2310"]
[WhiteElo "2507"]
[LiveChessVersion "1.4.8"]

1. Nf3 {[%clk 1:40:56]} d5 {[%clk 1:40:49]} 2. c4 {[%clk 1:41:19]} e6
{[%clk 1:40:55]} 3. g3 {[%clk 1:41:43]} Nf6 {[%clk 1:40:45]} 4. b3
{[%clk 1:41:03]} Be7 {[%clk 1:38:31]} 5. Bg2 {[%clk 1:41:24]} O-O
{[%clk 1:38:51]} 6. O-O {[%clk 1:41:14]} c5 {[%clk 1:38:49]} 7. cxd5
{[%clk 1:41:11]} Nxd5 {[%clk 1:37:55]} 8. Bb2 {[%clk 1:41:20]} Nc6
{[%clk 1:36:45]} 9. d4 {[%clk 1:41:39]} cxd4 {[%clk 1:27:16]} 10. Nxd4
{[%clk 1:42:00]} Nxd4 {[%clk 1:23:09]} 11. Bxd4 {[%clk 1:39:24]} Nb4
{[%clk 1:15:11]} 12. Na3 {[%clk 1:32:38]} f6 {[%clk 1:06:37]} 13. Nc4
{[%clk 1:27:51]} Qc7 {[%clk 0:57:46]} 14. Qd2 {[%clk 1:21:11]} e5
{[%clk 0:56:17]} 15. Bc3 {[%clk 1:20:10]} Rd8 {[%clk 0:56:12]} 16. Qb2
{[%clk 1:19:43]} Be6 {[%clk 0:46:54]} 17. Rac1 {[%clk 1:13:30]} Bf8
{[%clk 0:39:00]} 18. Nxe5 {[%clk 1:09:31]} Qe7 {[%clk 0:24:33]} 19. Bxb4
{[%clk 1:03:12]} Qxb4 {[%clk 0:24:56]} 20. Nd3 {[%clk 1:03:19]} Qb6
{[%clk 0:20:24]} 21. Nf4 {[%clk 1:01:20]} Bf7 {[%clk 0:20:10]} 22. Rfd1
{[%clk 1:00:55]} Bd6 {[%clk 0:13:16]} 23. Nd5 {[%clk 0:55:01]} Bxd5
{[%clk 0:12:34]} 24. Bxd5+ {[%clk 0:54:40]} Kh8 {[%clk 0:12:53]} 25. e3
{[%clk 0:49:51]} Rab8 {[%clk 0:04:34]} 26. Rc4 {[%clk 0:44:49]} Qa5
{[%clk 0:03:34]} 27. Qc2 {[%clk 0:43:46]} g6 {[%clk 0:01:01]} 28. Be4
{[%clk 0:38:38]} f5 {[%clk 0:00:43]} 29. Bd5 {[%clk 0:30:35]} Bf8
{[%clk 0:01:00]} 30. b4 {[%clk 0:27:22]} Qb5 {[%clk 0:00:43]} 31. a4
{[%clk 0:23:14]} Qe8 {[%clk 0:01:09]} 32. b5 {[%clk 0:19:25]} Qe5
{[%clk 0:01:04]} 33. Bf3 {[%clk 0:18:06]} Rxd1+ {[%clk 0:00:47]} 34. Qxd1
{[%clk 0:18:33]} Qe7 {[%clk 0:00:35]} 35. Qd4+ {[%clk 0:16:25]} Bg7
{[%clk 0:00:33]} 36. Qxa7 {[%clk 0:16:38]} Qd6 {[%clk 0:00:36]} 37. Bxb7
{[%clk 0:15:18]} h5 {[%clk 0:00:50]} 38. Qxb8+ {[%clk 0:15:02]} 1-0

[Event "1SM"]
[Site "Sharjah Chess Club"]
[Date "2017.03.30"]
[Round "8.31"]
[White "Debashis, Das"]
[Black "Mohannad, Farhan"]
[Result "1-0"]
[BlackElo "2292"]
[WhiteElo "2480"]
[LiveChessVersion "1.4.8"]

1. d4 {[%clk 1:40:57]} Nf6 {[%clk 1:40:33]} 2. c4 {[%clk 1:41:06]} g6
{[%clk 1:40:39]} 3. Nc3 {[%clk 1:41:27]} Bg7 {[%clk 1:40:57]} 4. e4
{[%clk 1:41:50]} d6 {[%clk 1:41:25]} 5. Nf3 {[%clk 1:42:13]} O-O {[%clk 1:41:50]}
6. Be3 {[%clk 1:42:38]} Na6 {[%clk 1:41:50]} 7. Be2 {[%clk 1:42:56]} e5
{[%clk 1:42:09]} 8. O-O {[%clk 1:43:14]} Ng4 {[%clk 1:42:02]} 9. Bg5
{[%clk 1:43:37]} Qe8 {[%clk 1:42:09]} 10. Re1 {[%clk 1:44:00]} c6
{[%clk 1:41:41]} 11. h3 {[%clk 1:34:45]} f6 {[%clk 1:42:02]} 12. Bd2
{[%clk 1:26:55]} Nh6 {[%clk 1:41:54]} 13. Bf1 {[%clk 1:20:36]} Nf7
{[%clk 1:37:57]} 14. Qc1 {[%clk 1:16:45]} Qd8 {[%clk 1:36:52]} 15. Be3
{[%clk 0:59:49]} f5 {[%clk 1:33:32]} 16. exf5 {[%clk 0:59:28]} gxf5
{[%clk 1:33:56]} 17. dxe5 {[%clk 0:56:12]} dxe5 {[%clk 1:34:21]} 18. Ng5
{[%clk 0:53:29]} f4 {[%clk 1:29:06]} 19. Nxf7 {[%clk 0:53:34]} Rxf7
{[%clk 1:29:26]} 20. Bd2 {[%clk 0:53:55]} Bf5 {[%clk 1:28:48]} 21. Ne4
{[%clk 0:50:41]} Bxe4 {[%clk 1:28:16]} 22. Rxe4 {[%clk 0:50:55]} Nc5
{[%clk 1:28:34]} 23. Re1 {[%clk 0:51:05]} Nd3 {[%clk 1:15:59]} 24. Bxd3
{[%clk 0:49:53]} Qxd3 {[%clk 1:16:25]} 25. Qc3 {[%clk 0:39:24]} Qd7
{[%clk 1:11:11]} 26. Rad1 {[%clk 0:33:03]} Qf5 {[%clk 0:58:56]} 27. Qf3
{[%clk 0:25:56]} Rd7 {[%clk 0:58:59]} 28. Bc3 {[%clk 0:25:02]} Rxd1
{[%clk 0:50:07]} 29. Qxd1 {[%clk 0:25:15]} Re8 {[%clk 0:50:13]} 30. f3
{[%clk 0:23:06]} e4 {[%clk 0:44:29]} 31. Bxg7 {[%clk 0:21:37]} Kxg7
{[%clk 0:44:55]} 32. Qd4+ {[%clk 0:21:10]} Qf6 {[%clk 0:45:21]} 33. Qd7+
{[%clk 0:17:16]} Re7 {[%clk 0:45:47]} 34. Qg4+ {[%clk 0:17:41]} Kh8
{[%clk 0:41:40]} 35. fxe4 {[%clk 0:10:13]} Qd4+ {[%clk 0:40:15]} 36. Kh2
{[%clk 0:09:49]} Qxb2 {[%clk 0:39:56]} 37. Rd1 {[%clk 0:07:50]} Re8
{[%clk 0:36:14]} 38. Qxf4 {[%clk 0:07:02]} Qe5 {[%clk 0:36:41]} 39. Qxe5+
{[%clk 0:06:44]} Rxe5 {[%clk 0:37:07]} 40. Rd4 {[%clk 0:07:10]} c5
{[%clk 0:36:16]} 41. Rd5 {[%clk 0:03:15]} Rxe4 {[%clk 0:36:42]} 42. Rxc5
{[%clk 0:03:42]} Re7 {[%clk 0:36:09]} 43. Kg3 {[%clk 0:03:49]} b6
{[%clk 0:35:24]} 44. Rd5 {[%clk 0:03:04]} Re3+ {[%clk 0:35:45]} 45. Kf4
{[%clk 0:02:30]} Ra3 {[%clk 0:36:06]} 46. Rd2 {[%clk 0:02:28]} Ra4
{[%clk 0:36:23]} 47. Kg5 {[%clk 0:02:06]} Rxc4 {[%clk 0:36:29]} 48. Rd8+
{[%clk 0:02:32]} Kg7 {[%clk 0:36:56]} 49. Rd7+ {[%clk 0:02:58]} Kg8
{[%clk 0:37:10]} 50. Rxa7 {[%clk 0:03:24]} Rc5+ {[%clk 0:36:51]} 51. Kf6
{[%clk 0:03:00]} Rc6+ {[%clk 0:37:17]} 52. Kf5 {[%clk 0:03:22]} Rc2
{[%clk 0:36:17]} 53. g4 {[%clk 0:03:28]} Rh2 {[%clk 0:33:45]} 54. Kf6
{[%clk 0:02:32]} Rf2+ {[%clk 0:34:11]} 55. Kg5 {[%clk 0:02:43]} Rc2
{[%clk 0:34:31]} 56. h4 {[%clk 0:02:00]} Rc6 {[%clk 0:30:09]} 57. Kf5
{[%clk 0:02:04]} Rc5+ {[%clk 0:28:48]} 58. Kf6 {[%clk 0:02:09]} Rc6+
{[%clk 0:29:13]} 59. Kg5 {[%clk 0:02:22]} Rd6 {[%clk 0:28:32]} 60. Re7
{[%clk 0:02:31]} Rd2 {[%clk 0:27:38]} 61. h5 {[%clk 0:02:02]} b5 {[%clk 0:26:26]}
62. Ra7 {[%clk 0:00:59]} Rd5+ {[%clk 0:23:27]} 63. Kf6 {[%clk 0:01:28]} h6
{[%clk 0:23:36]} 64. Ra8+ {[%clk 0:01:12]} Kh7 {[%clk 0:24:01]} 65. Ra7+
{[%clk 0:01:41]} Kg8 {[%clk 0:24:15]} 66. Re7 {[%clk 0:02:05]} Rg5
{[%clk 0:23:19]} 67. Re4 {[%clk 0:02:22]} Kh7 {[%clk 0:23:07]} 68. Rd4
{[%clk 0:01:49]} Kg8 {[%clk 0:23:16]} 69. Rd8+ {[%clk 0:01:38]} Kh7
{[%clk 0:23:42]} 70. Rd7+ {[%clk 0:02:06]} Kg8 {[%clk 0:23:44]} 71. Rd4
{[%clk 0:02:35]} Kh7 {[%clk 0:24:02]} 72. Ke6 {[%clk 0:03:02]} Rc5
{[%clk 0:22:58]} 73. Rd7+ {[%clk 0:02:54]} Kg8 {[%clk 0:23:21]} 74. Rd2
{[%clk 0:03:19]} Rg5 {[%clk 0:23:18]} 75. Rg2 {[%clk 0:03:33]} Kg7
{[%clk 0:23:21]} 76. a3 {[%clk 0:03:35]} Kg8 {[%clk 0:22:57]} 77. Rg3
{[%clk 0:03:54]} Kg7 {[%clk 0:23:04]} 78. Kd6 {[%clk 0:04:13]} Kg8
{[%clk 0:22:42]} 79. Kc6 {[%clk 0:04:26]} Kg7 {[%clk 0:23:07]} 80. Rc3
{[%clk 0:04:35]} Re5 {[%clk 0:18:48]} 81. Kb6 {[%clk 0:03:43]} Kf6
{[%clk 0:18:06]} 82. Rc6+ {[%clk 0:03:51]} Kg7 {[%clk 0:18:26]} 83. Ka5
{[%clk 0:03:35]} Re3 {[%clk 0:18:14]} 84. Kb4 {[%clk 0:03:58]} Rg3
{[%clk 0:18:35]} 85. Rc5 {[%clk 0:03:53]} Kf6 {[%clk 0:18:33]} 86. Rc6+
{[%clk 0:03:29]} Kg7 {[%clk 0:18:46]} 87. Rc3 {[%clk 0:03:48]} Rxg4+
{[%clk 0:19:02]} 88. Kxb5 {[%clk 0:04:17]} Rg1 {[%clk 0:19:00]} 89. a4
{[%clk 0:03:39]} Rb1+ {[%clk 0:19:23]} 90. Kc6 {[%clk 0:02:16]} Rh1
{[%clk 0:19:34]} 91. Rc5 {[%clk 0:02:41]} Kf6 {[%clk 0:19:55]} 92. a5
{[%clk 0:02:39]} Ra1 {[%clk 0:20:09]} 93. Kb6 {[%clk 0:02:55]} Rb1+
{[%clk 0:20:25]} 94. Rb5 {[%clk 0:03:21]} Re1 {[%clk 0:20:45]} 95. a6
{[%clk 0:03:46]} Re6+ {[%clk 0:21:10]} 96. Ka5 {[%clk 0:03:35]} Re7
{[%clk 0:21:29]} 97. Rc5 {[%clk 0:03:24]} Re1 {[%clk 0:21:41]} 98. a7
{[%clk 0:03:40]} Re8 {[%clk 0:21:58]} 99. Kb6 {[%clk 0:04:05]} Ke6
{[%clk 0:22:12]} 100. Ra5 Kd5 1-0

[Event "1SM"]
[Site "Sharjah Chess Club"]
[Date "2017.03.30"]
[Round "8.32"]
[White "Praggnanandhaa, R"]
[Black "Yashas, D."]
[Result "1-0"]
[BlackElo "2284"]
[WhiteElo "2455"]
[LiveChessVersion "1.4.8"]

1. e4 {[%clk 1:40:33]} e6 {[%clk 1:39:28]} 2. d4 {[%clk 1:40:51]} d5
{[%clk 1:39:48]} 3. Nd2 {[%clk 1:41:14]} c5 {[%clk 1:39:23]} 4. exd5
{[%clk 1:41:36]} Qxd5 {[%clk 1:39:45]} 5. Ngf3 {[%clk 1:41:53]} cxd4
{[%clk 1:39:18]} 6. Bc4 {[%clk 1:42:17]} Qd6 {[%clk 1:39:14]} 7. O-O
{[%clk 1:42:33]} Nf6 {[%clk 1:39:22]} 8. Nb3 {[%clk 1:42:47]} Nc6
{[%clk 1:39:38]} 9. Nbxd4 {[%clk 1:43:09]} Nxd4 {[%clk 1:39:39]} 10. Nxd4
{[%clk 1:43:37]} Be7 {[%clk 1:36:55]} 11. b3 {[%clk 1:42:28]} O-O
{[%clk 1:36:27]} 12. Bb2 {[%clk 1:41:47]} Qf4 {[%clk 1:20:31]} 13. Qe2
{[%clk 1:21:39]} a6 {[%clk 1:12:23]} 14. Rad1 {[%clk 1:06:52]} Re8
{[%clk 0:47:24]} 15. a4 {[%clk 1:00:11]} Qc7 {[%clk 0:24:38]} 16. Nf3
{[%clk 0:52:08]} Bd7 {[%clk 0:18:25]} 17. Ne5 {[%clk 0:49:58]} Rad8
{[%clk 0:18:29]} 18. Rd4 {[%clk 0:27:14]} Nd5 {[%clk 0:09:30]} 19. Bd3
{[%clk 0:21:29]} g6 {[%clk 0:02:12]} 20. Rc4 {[%clk 0:16:45]} Bc6
{[%clk 0:01:14]} 21. h4 {[%clk 0:15:38]} Nb4 {[%clk 0:00:48]} 22. Be4
{[%clk 0:15:03]} a5 {[%clk 0:00:39]} 23. Qf3 {[%clk 0:14:08]} f5 {[%clk 0:00:35]}
24. Bxc6 {[%clk 0:14:01]} bxc6 {[%clk 0:00:57]} 25. Nxc6 {[%clk 0:14:24]} Nxc6
{[%clk 0:00:50]} 26. Rxc6 {[%clk 0:14:52]} Qd7 {[%clk 0:00:47]} 27. Qc3
{[%clk 0:14:59]} e5 {[%clk 0:00:51]} 28. Qxe5 {[%clk 0:15:08]} 1-0

[Event "1SM"]
[Site "Sharjah Chess Club"]
[Date "2017.03.30"]
[Round "8.33"]
[White "Gukesh, D"]
[Black "Abdumalik, Zhansaya"]
[Result "1-0"]
[BlackElo "2430"]
[WhiteElo "2260"]
[LiveChessVersion "1.4.8"]

1. e4 {[%clk 1:40:52]} e6 {[%clk 1:40:32]} 2. d4 {[%clk 1:41:03]} d5
{[%clk 1:40:56]} 3. Nd2 {[%clk 1:41:15]} c5 {[%clk 1:41:18]} 4. exd5
{[%clk 1:41:20]} Qxd5 {[%clk 1:41:46]} 5. dxc5 {[%clk 1:41:06]} Nf6
{[%clk 1:40:07]} 6. Ngf3 {[%clk 1:39:59]} Bxc5 {[%clk 1:37:51]} 7. Bd3
{[%clk 1:38:40]} b6 {[%clk 1:33:48]} 8. O-O {[%clk 1:30:27]} Bb7 {[%clk 1:33:14]}
9. b3 {[%clk 1:23:22]} Nbd7 {[%clk 1:23:58]} 10. Bb2 {[%clk 1:19:36]} g5
{[%clk 1:17:13]} 11. Bb5 {[%clk 0:58:26]} O-O-O {[%clk 1:07:02]} 12. Bxd7+
{[%clk 0:50:08]} Nxd7 {[%clk 1:04:08]} 13. Bxh8 {[%clk 0:50:35]} Rxh8
{[%clk 1:04:18]} 14. Nc4 {[%clk 0:43:57]} Qc6 {[%clk 0:59:00]} 15. Ne3
{[%clk 0:32:02]} Nf6 {[%clk 0:47:00]} 16. Qe2 {[%clk 0:20:18]} Ne4
{[%clk 0:42:36]} 17. Nd2 {[%clk 0:09:08]} Nd6 {[%clk 0:36:55]} 18. c3
{[%clk 0:08:00]} Nf5 {[%clk 0:29:44]} 19. Nf3 {[%clk 0:07:12]} Nxe3
{[%clk 0:17:05]} 20. fxe3 {[%clk 0:07:39]} Qe4 {[%clk 0:17:16]} 21. Nd4
{[%clk 0:06:48]} f5 {[%clk 0:16:32]} 22. Rf2 {[%clk 0:03:55]} Kb8
{[%clk 0:13:01]} 23. Qf3 {[%clk 0:03:39]} Qxf3 {[%clk 0:11:00]} 24. gxf3
{[%clk 0:03:58]} e5 {[%clk 0:09:56]} 25. Nxf5 {[%clk 0:03:46]} Rf8
{[%clk 0:10:25]} 26. b4 {[%clk 0:03:30]} Rxf5 {[%clk 0:08:08]} 27. bxc5
{[%clk 0:03:59]} bxc5 {[%clk 0:08:24]} 28. Rb1 {[%clk 0:01:39]} Kc7
{[%clk 0:07:09]} 29. e4 {[%clk 0:00:58]} Rf4 {[%clk 0:06:31]} 30. Kf1
{[%clk 0:01:01]} Ba6+ {[%clk 0:05:59]} 31. Kg2 {[%clk 0:00:52]} h5
{[%clk 0:04:42]} 32. Rd1 {[%clk 0:00:44]} Bb7 {[%clk 0:04:37]} 33. Re1
{[%clk 0:00:41]} Bc6 {[%clk 0:04:16]} 34. h3 {[%clk 0:00:43]} Bd7
{[%clk 0:03:37]} 35. Kg3 {[%clk 0:00:37]} Be6 {[%clk 0:03:09]} 36. a3
{[%clk 0:00:44]} Bd7 {[%clk 0:02:56]} 37. Rd1 {[%clk 0:00:42]} Bc6
{[%clk 0:02:28]} 38. Rfd2 {[%clk 0:00:38]} Ba4 {[%clk 0:02:31]} 39. Re1
{[%clk 0:00:58]} Bc6 {[%clk 0:02:57]} 40. Rd3 {[%clk 0:01:24]} c4
{[%clk 0:02:15]} 41. Rd2 {[%clk 0:01:29]} a6 {[%clk 0:02:00]} 42. Red1
{[%clk 0:01:38]} a5 {[%clk 0:00:41]} 43. Rd6 {[%clk 0:00:39]} g4 {[%clk 0:00:50]}
44. hxg4 {[%clk 0:00:53]} hxg4 {[%clk 0:01:20]} 45. fxg4 {[%clk 0:00:58]} Rxe4
{[%clk 0:01:43]} 46. g5 {[%clk 0:00:52]} Re3+ {[%clk 0:01:50]} 47. Kh4
{[%clk 0:01:21]} Re4+ {[%clk 0:01:43]} 48. Kh5 {[%clk 0:01:30]} Re3
{[%clk 0:01:58]} 49. Kh6 {[%clk 0:01:31]} Rh3+ {[%clk 0:02:14]} 50. Kg7
{[%clk 0:01:56]} e4 {[%clk 0:01:46]} 51. g6 {[%clk 0:02:13]} Rd3 {[%clk 0:01:18]}
52. R6xd3 {[%clk 0:00:52]} cxd3 {[%clk 0:01:43]} 53. Kf6 {[%clk 0:00:48]} Bb5
{[%clk 0:00:33]} 54. c4 {[%clk 0:00:46]} Bxc4 {[%clk 0:01:01]} 55. Rc1
{[%clk 0:01:08]} Kb6 {[%clk 0:00:33]} 56. Rxc4 {[%clk 0:01:30]} d2
{[%clk 0:01:02]} 57. Rd4 {[%clk 0:01:50]} e3 {[%clk 0:01:09]} 58. g7
{[%clk 0:01:50]} Kc5 {[%clk 0:01:20]} 59. Rd3 {[%clk 0:01:21]} Kc4
{[%clk 0:00:51]} 60. Rd8 {[%clk 0:01:33]} e2 {[%clk 0:00:37]} 61. g8=Q+
{[%clk 0:01:53]} Kc3 {[%clk 0:01:06]} 62. Qg3+ {[%clk 0:01:50]} Kb2
{[%clk 0:01:34]} 63. Rxd2+ {[%clk 0:02:11]} 1-0

[Event "1SM"]
[Site "Sharjah Chess Club"]
[Date "2017.03.30"]
[Round "8.34"]
[White "Yakubboev, Nodirbek"]
[Black "Sankalp, Gupta"]
[Result "1-0"]
[BlackElo "2265"]
[WhiteElo "2427"]
[LiveChessVersion "1.4.8"]

1. c4 {[%clk 1:40:58]} e5 {[%clk 1:39:31]} 2. g3 {[%clk 1:37:26]} Nc6
{[%clk 1:39:19]} 3. Bg2 {[%clk 1:37:35]} Bc5 {[%clk 1:38:32]} 4. Nc3
{[%clk 1:37:09]} d6 {[%clk 1:38:26]} 5. e3 {[%clk 1:32:00]} Nge7 {[%clk 1:38:43]}
6. Nge2 {[%clk 1:31:29]} a6 {[%clk 1:34:54]} 7. O-O {[%clk 1:28:56]} O-O
{[%clk 1:32:43]} 8. Nd5 {[%clk 1:17:10]} Ba7 {[%clk 1:22:57]} 9. d4
{[%clk 1:08:05]} exd4 {[%clk 1:02:52]} 10. Nxd4 {[%clk 1:06:04]} Bd7
{[%clk 0:35:22]} 11. Nxe7+ {[%clk 0:41:24]} Qxe7 {[%clk 0:35:45]} 12. b3
{[%clk 0:41:07]} Nxd4 {[%clk 0:26:05]} 13. exd4 {[%clk 0:41:28]} Bc6
{[%clk 0:26:20]} 14. Bxc6 {[%clk 0:35:46]} bxc6 {[%clk 0:26:45]} 15. Re1
{[%clk 0:34:51]} Qf6 {[%clk 0:26:43]} 16. Be3 {[%clk 0:35:09]} Rfe8
{[%clk 0:26:54]} 17. c5 {[%clk 0:30:54]} Qf5 {[%clk 0:16:25]} 18. Rc1
{[%clk 0:26:23]} Rad8 {[%clk 0:09:10]} 19. b4 {[%clk 0:22:40]} Qc8
{[%clk 0:09:38]} 20. Qa4 {[%clk 0:19:51]} Re6 {[%clk 0:08:42]} 21. Bg5
{[%clk 0:17:48]} Rde8 {[%clk 0:08:19]} 22. Rxe6 {[%clk 0:15:32]} Rxe6
{[%clk 0:08:23]} 23. Be3 {[%clk 0:14:47]} dxc5 {[%clk 0:05:54]} 24. bxc5
{[%clk 0:12:27]} Qe8 {[%clk 0:05:08]} 25. Rc3 {[%clk 0:08:10]} f5
{[%clk 0:05:17]} 26. Qxa6 {[%clk 0:05:59]} h5 {[%clk 0:00:50]} 27. Qxa7
{[%clk 0:04:34]} f4 {[%clk 0:01:20]} 28. Qa3 {[%clk 0:04:05]} fxe3
{[%clk 0:00:33]} 29. Rxe3 {[%clk 0:04:28]} Rxe3 {[%clk 0:00:51]} 30. Qxe3
{[%clk 0:04:47]} Qg6 {[%clk 0:01:09]} 31. h4 {[%clk 0:04:33]} Qb1+
{[%clk 0:01:25]} 32. Kg2 {[%clk 0:04:45]} 1-0